Fialový taxík

Bibliographic Details
Main Author: Déon, Michel (Author)
Other Authors: Lapšanský, Ladislav, 1946-2021 (Translator, [ADC])
Format: Book
Language:Slovak
PhysicalDescription:283 strán., 17,61 AH 20 cm
Published: Bratislava Smena 1984
Edition:Prvé vydanie
Series:Štafeta

MARC

LEADER 00000cam a2200000 a 4500
001 vtls001118312
003 SK-MaSNL
005 20260301105005.0
008 250414s1984 xo 0 slo
015 |a SNBA1984/05 
035 |a SNK000061155 
040 |a SNK  |b slo  |c SNK  |e AACR2 
041 1 |a slo  |h fra 
044 |a xo  |c SK 
080 |a 840-3  |2 1981 
100 1 |a Déon, Michel  |4 aut  |9 444577 
245 1 0 |a Fialový taxík  |c Michel Déon ; Ladislav Lapšanský, Ladislav Lapšanský, Svetozár Mydlo 
250 |a Prvé vydanie 
260 |a Bratislava  |b Smena  |c 1984  |e Bratislava  |f Pravda 
300 |a 283 strán., 17,61 AH  |c 20 cm 
366 |e 11700 výtl. 
490 1 |a Štafeta 
500 |a Rozlož. tit. list. 
700 1 |a Lapšanský, Ladislav,  |d 1946-2021  |4 trl  |9 215259 
700 1 |a Lapšanský, Ladislav,  |d 1946-2021  |4 [ADC]  |9 215259 
700 1 |a Mydlo, Svetozár,  |d 1948-2014  |4 bkd  |9 164643 
852 |a Slovenská národná knižnica 
954 |a romány spoločenské 
958 |a LX 
958 |a TL 
958 |a UP 
999 |c 699692  |d 701622 
952 |a SNK  |b SNK  |y PREZ  |7 0  |p 17A1348553  |o snkSC 60683 D1  |i snkKSP 2744/84  |0 0  |1 0  |4 0  |d 2022-09-16  |l 0  |r 2026-02-23 20:53:54  |w 2026-02-23